CAD Cam Cim (Record no. 297401)

MARC details
000 -LEADER
fixed length control field 00393nam a2200157Ia 4500
008 - FIXED-LENGTH DATA ELEMENTS--GENERAL INFORMATION
fixed length control field 230718s9999 xx 000 0 und d
041 ## - LANGUAGE CODE
Language code of text/sound track or separate title eng
082 ## - DEWEY DECIMAL CLASSIFICATION NUMBER
Classification number 670.43
Item number RAD
100 ## - MAIN ENTRY--PERSONAL NAME
Personal name Radhakrishnan P.
9 (RLIN) 128033
245 ## - TITLE STATEMENT
Title CAD Cam Cim
260 ## - PUBLICATION, DISTRIBUTION, ETC. (IMPRINT)
Date of publication, distribution, etc. 1995
Name of publisher, distributor, etc. New Age
300 ## - PHYSICAL DESCRIPTION
Extent 628
365 ## - TRADE PRICE
Currency code Rs.
Price amount 185.00
700 ## - ADDED ENTRY--PERSONAL NAME
Personal name Radhakrishnan P.
9 (RLIN) 128033
906 ## - LOCAL DATA ELEMENT F, LDF (RLIN)
d B:398013-Aug-1998
c MECH
b 27.75
Holdings
Withdrawn status Lost status Damaged status Not for loan Home library Current library Date acquired Vendor Budget Code Cost, normal purchase price Bill number Total Checkouts Full call number Barcode Date last seen Discount Cost, replacement price Bill Date Koha item type Original Barcode
        Cummins College of Engineering for Women Pune Cummins College of Engineering for Women Pune 07/09/1998 Pradeep Book Distributors MECH 157.25 3980   670.43 CCEP-BK-8607 18/07/2023 27.75 185.00 13/08/1998 Books 008607